| 000 | 00642nam a2200181Ia 4500 | ||
|---|---|---|---|
| 008 | 151018s9999 xx 000 0 und d | ||
| 082 |
_bRBASDV30831 _a891.434 |
||
| 100 | _aदिलीप सालवी | ||
| 245 | _aयुग प्रवर्तक आविष्कार | ||
| 250 | _b1 | ||
| 260 |
_bप्रकाशन विभाग _c1997 |
||
| 300 | _a91 | ||
| 600 | _aदिलीप सालवी | ||
| 630 | _aयुग प्रवर्तक आविष्कार | ||
| 700 | _aदिलीप सालवी | ||
| 730 | _aयुग प्रवर्तक आविष्कार | ||
| 942 | _cBOOK | ||
| 999 |
_c1030371 _d1030368 |
||